Les plus grands succès du cinéma en France depuis 2000 - Statistiques

Statistiques générales
  • Ce quiz a été pris 421 fois
  • Le résultat moyen est 6 sur 17
Statistiques - réponses
Année Box-office Film % Correct
2008 20 500 000 Bienvenue chez les Ch'tis
79%
2011 19 400 000 Intouchables
77%
2009 14 700 000 Avatar
57%
2014 12 400 000 Qu'est-ce qu'on a fait au Bon Dieu ?
51%
2002 14 600 000 Astérix et Obélix : Mission Cléopâtre
45%
2001 9 500 000 Harry Potter à l'école des sorciers
38%
2005 7 700 000 Harry Potter et la Coupe de Feu
38%
2010 6 000 000 Harry Potter et les Reliques de la Mort - 1ère Partie
38%
2015 10 500 000 Star Wars,épisode VII : Le Réveil de la Force
37%
2006 10 400 000 Les Bronzés 3 : Amis pour la vie
31%
2000 10 300 000 Taxi 2
21%
2013 5 100 000 La Reine des neiges
20%
2004 8 500 000 Les Choristes
12%
2003 9 400 000 Le Monde de Nemo
11%
2012 7 000 000 Skyfall
10%
2007 7 800 000 Ratatouille
6%
2016 4 800 000 Zootopie
5%
Aucun quiz correspondant
Distribution des résultats
% des personnes avec chaque résultat
Percentile par nombre de réponses
Votre historique - résultats
Vous n’avez pas pris ce quiz